[Event "Mittelfrank Regionalliga Sud-West 2223"]
[Site "Mittelfranken"]
[Date "2022.10.23"]
[Round "2.3"]
[White "Wittke, Volker"]
[Black "Pensold, Heiko"]
[Result "1-0"]
[WhiteElo "2046"]
[BlackElo "2016"]
[PlyCount "59"]
[EventDate "2022.10.09"]
[EventType "team-tourn"]
[EventRounds "9"]
[EventCountry "GER"]
[SourceTitle "EXT 2024"]
[Source "ChessBase"]
[SourceDate "2023.10.10"]
[SourceVersion "1"]
[SourceVersionDate "2023.10.10"]
[SourceQuality "1"]
[WhiteTeam "Garching III"]
[BlackTeam "Marktoberdorf"]
[WhiteTeamCountry "GER"]
[BlackTeamCountry "GER"]

1. e4 b6 2. d4 Bb7 3. Bd3 d6 4. Nf3 Nd7 5. Bf4 Ngf6 6. Qe2 e6 7. c4 Be7 8. Nc3 0-0 9. 0-0 h6 10. Rad1 a6 11. Bb1 Ne8 12. e5 Bg5 13. Nxg5 hxg5 14. Qh5 g6 15. Qxg5 Qxg5 16. Bxg5 Kg7 17. exd6 Nxd6 18. b3 Rh8 19. Rfe1 Rh5 20. Bf4 Rc8 21. f3 g5 22. Bxd6 cxd6 23. d5 exd5 24. Nxd5 b5 25. Ne7 Rc7 26. Rxd6 bxc4 27. bxc4 Nf8 28. Nf5+ Kg8 29. Re8 Rxc4 30. Rxf8+ 1-0

[Event "Mittelfranken Landesliga Sued 2122"]
[Site "Mittelfranken"]
[Date "2021.10.24"]
[Round "1.6"]
[White "Kindtner, Ulrich"]
[Black "Wittke, Volker"]
[Result "1-0"]
[WhiteElo "2196"]
[BlackElo "2023"]
[PlyCount "91"]
[EventDate "2021.10.24"]
[EventType "team-tourn"]
[EventRounds "9"]
[EventCountry "GER"]
[SourceTitle "EXT 2024"]
[Source "ChessBase"]
[SourceDate "2023.10.10"]
[SourceVersion "1"]
[SourceVersionDate "2023.10.10"]
[SourceQuality "1"]
[WhiteTeam "Muenchen SC II"]
[BlackTeam "Garching II"]
[WhiteTeamCountry "GER"]
[BlackTeamCountry "GER"]

1. e4 c5 2. c3 d5 3. exd5 Nf6 4. d4 cxd4 5. Qa4+ Nbd7 6. Qxd4 Nb6 7. c4 e6 8. Nc3 Bb4 9. Bg5 exd5 10. 0-0-0 Bxc3 11. Qxc3 Be6 12. Nf3 0-0 13. Bxf6 Qxf6 14. Qxf6 gxf6 15. cxd5 Nxd5 16. Nd4 Rfd8 17. Be2 Nf4 18. Bf3 Bc4 19. b3 Nd3+ 20. Kb1 Ba6 21. Nc2 Nxf2 22. Rxd8+ Rxd8 23. Re1 Bd3 24. Kb2 Bg6 25. Re2 Nd3+ 26. Ka3 Nf4 27. Rf2 b6 28. Nb4 a5 29. Nc6 Rd6 30. Ne7+ Kf8 31. Nc8 Nd3 32. Rd2 Re6 33. Bd5 Re5 34. Nxb6 Nb4 35. Nd7+ Ke7 36. Nxe5 fxe5 37. Bc4 f5 38. Ka4 e4 39. Kxa5 Nc6+ 40. Kb6 Ne5 41. a4 e3 42. Ra2 f4 43. Bf1 Ng4 44. h3 Nh2 45. Bb5 Kd6 46. a5 1-0

[Event "Regionalliga Sued-West 1819"]
[Site "Bayern"]
[Date "2019.01.20"]
[Round "5.6"]
[White "Lux, Werner"]
[Black "Wittke, Volker"]
[Result "1/2-1/2"]
[WhiteElo "1994"]
[BlackElo "2067"]
[PlyCount "92"]
[EventDate "2018.10.21"]
[EventType "team-tourn"]
[EventRounds "9"]
[EventCountry "GER"]
[SourceTitle "EXT 2022"]
[Source "ChessBase"]
[SourceDate "2021.10.06"]
[SourceVersion "1"]
[SourceVersionDate "2021.10.06"]
[SourceQuality "1"]
[WhiteTeam "Tuerkheim/Bad Woerishofen"]
[BlackTeam "Garching III"]
[WhiteTeamCountry "GER"]
[BlackTeamCountry "GER"]

1. e4 c5 2. Nf3 e6 3. d3 d5 4. Nbd2 Nc6 5. g3 Nf6 6. Bg2 Be7 7. 0-0 d4 8. e5 Nd5 9. Re1 Qc7 10. Nf1 h6 11. h4 Bd7 12. Bd2 0-0-0 13. a3 Rdg8 14. c4 dxc3 15. bxc3 g5 16. hxg5 hxg5 17. Qe2 f5 18. N3h2 Rg6 19. Ne3 Nf4 20. gxf4 gxf4 21. Nxf5 exf5 22. Kh1 Bg5 23. Kg1 Be6 24. Nf3 Qh7 25. Kf1 Qh6 26. Nxg5 Qxg5 27. Qf3 Rh4 28. Bh1 Qd8 29. Bxf4 Rxh1+ 30. Qxh1 Qxd3+ 31. Re2 Bc4 32. Rae1 Qxc3 33. Qh5 Re6 34. Kg1 Bxe2 35. Rxe2 Nd4 36. Re3 Qa1+ 37. Kg2 Qa2 38. Rg3 Kc7 39. Rg7+ Kb6 40. Qf7 Qd5+ 41. Kh2 Ka6 42. Rg6 Kb6 43. a4 Qc6 44. Rg7 Nf3+ 45. Kg3 Nd4 46. Kh2 Nf3+ 1/2-1/2

[Event "Regionalliga Sued-West 1819"]
[Site "Bayern"]
[Date "2018.10.21"]
[Round "1.5"]
[White "Wittke, Volker"]
[Black "Kampen, Hans"]
[Result "1/2-1/2"]
[WhiteElo "2067"]
[BlackElo "2037"]
[PlyCount "66"]
[EventDate "2018.10.21"]
[EventType "team-tourn"]
[EventRounds "9"]
[EventCountry "GER"]
[SourceTitle "EXT 2022"]
[Source "ChessBase"]
[SourceDate "2021.10.06"]
[SourceVersion "1"]
[SourceVersionDate "2021.10.06"]
[SourceQuality "1"]
[WhiteTeam "Garching III"]
[BlackTeam "Augsburg SF"]
[WhiteTeamCountry "GER"]
[BlackTeamCountry "GER"]

1. e4 c5 2. Nc3 e6 3. Nge2 Nc6 4. g3 Nf6 5. Bg2 Be7 6. 0-0 0-0 7. f4 d6 8. d3 a6 9. h3 Qc7 10. g4 Rd8 11. Ng3 b5 12. g5 Ne8 13. f5 b4 14. Nce2 exf5 15. Nxf5 Bxf5 16. Rxf5 Ra7 17. Nf4 Nd4 18. Nd5 Qd7 19. Rf2 Bf8 20. h4 g6 21. c3 bxc3 22. bxc3 Ne6 23. Qf3 Bg7 24. Bd2 N6c7 25. Bh3 Ne6 26. Raf1 Qa4 27. Be1 Rb8 28. Qe2 Nd8 29. Qg4 Qc6 30. h5 Rbb7 31. Qe2 Rb8 32. Qg4 Rbb7 33. Qe2 Rb8 1/2-1/2

[Event "Landesliga Sued 1718"]
[Site "Bayern"]
[Date "2018.02.04"]
[Round "6.8"]
[White "Ott, Anton"]
[Black "Wittke, Volker"]
[Result "0-1"]
[WhiteElo "1848"]
[BlackElo "2074"]
[PlyCount "62"]
[EventDate "2017.10.22"]
[EventType "team-tourn"]
[EventRounds "9"]
[EventCountry "GER"]
[SourceTitle "EXT 2022"]
[Source "ChessBase"]
[SourceDate "2021.10.06"]
[SourceVersion "1"]
[SourceVersionDate "2021.10.06"]
[SourceQuality "1"]
[WhiteTeam "Roehrnbach"]
[BlackTeam "Garching II"]
[WhiteTeamCountry "GER"]
[BlackTeamCountry "GER"]

1. Nf3 c5 2. g3 Nf6 3. Bg2 Nc6 4. d4 e6 5. 0-0 a6 6. c4 cxd4 7. Nxd4 Qb6 8. Nxc6 bxc6 9. e4 e5 10. b3 Bc5 11. Nc3 Bd4 12. Bb2 Qa5 13. Qc2 0-0 14. Ne2 Bxb2 15. Qxb2 Re8 16. b4 Qc7 17. Nc3 Rb8 18. Qa3 d6 19. Na4 a5 20. Rab1 Be6 21. Qc3 axb4 22. Rxb4 Rxb4 23. Qxb4 Rb8 24. Qc3 Qa7 25. Qc2 Rb4 26. Rb1 Rxc4 27. Qb2 h6 28. Nb6 Rd4 29. a4 c5 30. Qc2 Qa5 31. Rb2 Qe1+ 0-1

[Event "Regionalliga SW 1516"]
[Site "Bayern"]
[Date "2015.10.25"]
[Round "2.7"]
[White "Sargin, Anatol"]
[Black "Wittke, Volker"]
[Result "1-0"]
[WhiteElo "2092"]
[BlackElo "2049"]
[PlyCount "127"]
[EventDate "2015.10.11"]
[EventType "team-tourn"]
[EventRounds "9"]
[EventCountry "GER"]
[SourceTitle "EXT 2018"]
[Source "ChessBase"]
[SourceDate "2017.10.13"]
[SourceVersion "1"]
[SourceVersionDate "2017.10.13"]
[SourceQuality "1"]
[WhiteTeam "Unterhaching"]
[BlackTeam "Garching III"]
[WhiteTeamCountry "GER"]
[BlackTeamCountry "GER"]

1. e4 c5 2. c3 d5 3. exd5 Qxd5 4. d4 Nf6 5. Nf3 e6 6. Na3 a6 7. Nc2 b5 8. a4 bxa4 9. Ne3 Qd8 10. Ne5 Bb7 11. Qxa4+ Nfd7 12. Be2 Be7 13. 0-0 0-0 14. Bf3 Qc7 15. N3g4 Bxf3 16. Nxf3 Nc6 17. Bf4 Qb7 18. dxc5 Nxc5 19. Qc2 Nb3 20. Rad1 Rac8 21. Nge5 Nxe5 22. Nxe5 Rfd8 23. Nf3 h6 24. h3 Bf6 25. Rfe1 a5 26. Rxd8+ Rxd8 27. Rd1 Rc8 28. Be5 Bxe5 29. Nxe5 a4 30. Qe2 Nc5 31. Nd3 Qb5 32. Kf1 Rd8 33. Ne1 Rb8 34. Rd8+ Kh7 35. Rxb8 Qxb8 36. Nd3 Qh2 37. f3 Nb3 38. Qe4+ g6 39. Kf2 Qd6 40. Qxa4 Qb6+ 41. Ke2 Na5 42. Qb4 Qc7 43. Qc5 Qd8 44. b4 Nb7 45. Qd4 Qg5 46. Qd7 Nd8 47. g4 e5 48. Qd5 Ne6 49. h4 Qxh4 50. Qxe5 Qh1 51. Kd2 Qxf3 52. Qe2 Qd5 53. Kc2 Qc4 54. Kb2 Ng5 55. Nc1 Qc6 56. b5 Qd5 57. Nb3 Ne4 58. Kc2 Nd6 59. b6 Qc6 60. Qf2 Kg8 61. Qd4 Nb5 62. Qc5 Qg2+ 63. Nd2 Qe2 64. b7 1-0

[Event "Regionalliga SW 1112"]
[Site "Bayern"]
[Date "2011.10.02"]
[Round "1.8"]
[White "Wittke, Volker"]
[Black "Knipping, Paul"]
[Result "1-0"]
[WhiteElo "2019"]
[BlackElo "1814"]
[PlyCount "37"]
[EventDate "2011.10.02"]
[EventType "team-tourn"]
[EventRounds "9"]
[EventCountry "GER"]
[SourceTitle "EXT 2013"]
[Source "ChessBase"]
[SourceDate "2012.11.22"]
[SourceVersion "1"]
[SourceVersionDate "2012.11.22"]
[SourceQuality "1"]
[WhiteTeam "Garching II"]
[BlackTeam "Muenchen RTA"]
[WhiteTeamCountry "GER"]
[BlackTeamCountry "GER"]

1. e4 c6 2. d4 d5 3. e5 Bf5 4. Nc3 e6 5. g4 Bg6 6. Nge2 c5 7. h4 h6 8. Be3 Nc6 9. f4 cxd4 10. Nxd4 Nxd4 11. Qxd4 Ne7 12. 0-0-0 Nc6 13. Qa4 Qa5 14. Qxa5 Nxa5 15. f5 Bh7 16. Nb5 Rd8 17. Nxa7 exf5 18. Bb6 Ra8 19. Nb5 1-0

[Event "Regionalliga SW 1011"]
[Site "Bayern"]
[Date "2011.02.27"]
[Round "7.5"]
[White "Wiechmann, Gernot"]
[Black "Wittke, Volker"]
[Result "0-1"]
[WhiteElo "1971"]
[BlackElo "2085"]
[PlyCount "95"]
[EventDate "2010.10.10"]
[EventType "team-tourn"]
[EventRounds "9"]
[EventCountry "GER"]
[SourceTitle "EXT 2012"]
[Source "ChessBase"]
[SourceDate "2011.11.24"]
[SourceVersion "1"]
[SourceVersionDate "2011.11.24"]
[SourceQuality "1"]
[WhiteTeam "Sonthofen"]
[BlackTeam "Garching II"]
[WhiteTeamCountry "GER"]
[BlackTeamCountry "GER"]

1. d4 Nf6 2. Nf3 c5 3. d5 d6 4. Bg5 Qb6 5. Bxf6 gxf6 6. Qc1 Bh6 7. e3 Rg8 8. Nbd2 Bf5 9. Nh4 Bg6 10. Nxg6 hxg6 11. a4 Kf8 12. a5 Qc7 13. c3 Nd7 14. Qc2 Ne5 15. f4 Ng4 16. Qd3 f5 17. Be2 Nf6 18. 0-0 Bg7 19. Ra4 Rh8 20. Rfa1 Nd7 21. Qb5 a6 22. Qd3 Bf6 23. e4 fxe4 24. Rxe4 Kg7 25. g4 g5 26. Nf3 gxf4 27. Rxf4 Be5 28. Rxf7+ Kxf7 29. Ng5+ Ke8 30. Qg6+ Kd8 31. Ne6+ Kc8 32. Nxc7 Kxc7 33. Rf1 Rxh2 34. Rf2 Rh3 35. Bf3 Rah8 36. Bg2 Re3 37. Kf1 Bg3 38. Be4 Bxf2 39. Kxf2 Rxe4 40. Qxe4 Rf8+ 41. Kg3 Ne5 42. g5 Rg8 43. Qf5 b6 44. axb6+ Kxb6 45. Kf4 Rf8 46. c4 Ka5 47. Ke4 Rxf5 48. Kxf5 0-1

[Event "Regionalliga SW 1011"]
[Site "Bayern"]
[Date "2011.02.06"]
[Round "6.4"]
[White "Wood, Christopher Baruch"]
[Black "Wittke, Volker"]
[Result "0-1"]
[WhiteElo "2169"]
[BlackElo "2085"]
[PlyCount "100"]
[EventDate "2010.10.10"]
[EventType "team-tourn"]
[EventRounds "9"]
[EventCountry "GER"]
[SourceTitle "EXT 2012"]
[Source "ChessBase"]
[SourceDate "2011.11.24"]
[SourceVersion "1"]
[SourceVersionDate "2011.11.24"]
[SourceQuality "1"]
[WhiteTeam "Muenchen Suedost"]
[BlackTeam "Garching II"]
[WhiteTeamCountry "GER"]
[BlackTeamCountry "GER"]

1. e4 c5 2. Nf3 d6 3. d4 cxd4 4. Nxd4 a6 5. Nc3 b5 6. Bd3 Qb6 7. Nb3 Qc7 8. 0-0 Bb7 9. Be3 e6 10. Qe2 Nd7 11. f4 Ngf6 12. a3 Be7 13. Bd4 e5 14. Be3 0-0 15. Rad1 Rac8 16. Rd2 Nb6 17. f5 Nc4 18. Bxc4 bxc4 19. Nc1 Bxe4 20. Nxe4 Nxe4 21. f6 Nxf6 22. Bg5 Nd5 23. Bxe7 Nxe7 24. Na2 Qb6+ 25. Kh1 Qxb2 26. Rxd6 Qxa2 27. Qxe5 Ng6 28. Qd5 Rc7 29. h4 Nxh4 30. Qa5 Re7 31. Qc3 Rb7 32. Rdd1 Qb2 33. Qxc4 Ng6 34. Rb1 Qxb1 35. Rxb1 Rxb1+ 36. Kh2 Rb6 37. Qc5 Re6 38. a4 Ne7 39. c4 Rc8 40. Qa5 h6 41. Qb4 Re4 42. Qb7 Rcxc4 43. Qa8+ Kh7 44. Qxa6 Rxa4 45. Qd3 Ng6 46. Qb3 Rf4 47. g3 Rf2+ 48. Kg1 Raa2 49. Qc4 Rfc2 50. Qf1 Rg2+ 0-1

[Event "Regionalliga SW 0910"]
[Site "Bayern"]
[Date "2010.03.21"]
[Round "8.4"]
[White "Mueller, Werner3333"]
[Black "Wittke, Volker"]
[Result "1/2-1/2"]
[WhiteElo "2154"]
[BlackElo "2069"]
[PlyCount "93"]
[EventDate "2009.10.18"]
[EventType "team-tourn"]
[EventRounds "9"]
[EventCountry "GER"]
[SourceTitle "EXT 2011"]
[Source "ChessBase"]
[SourceDate "2010.11.26"]
[SourceVersion "1"]
[SourceVersionDate "2010.11.26"]
[SourceQuality "1"]
[WhiteTeam "Goeggingen"]
[BlackTeam "Garching II"]
[WhiteTeamCountry "GER"]
[BlackTeamCountry "GER"]

1. e4 c5 2. Nf3 Nc6 3. d4 cxd4 4. Nxd4 Nf6 5. Nc3 d6 6. Bc4 e6 7. Be3 a6 8. Qe2 Qc7 9. 0-0-0 Be7 10. Bb3 Na5 11. g4 Nxb3+ 12. axb3 b5 13. g5 Nd7 14. Nf5 Bb7 15. Nxg7+ Kf8 16. Nh5 b4 17. Nd5 exd5 18. exd5 Rg8 19. Rhg1 Rc8 20. Kb1 Qa5 21. Nf6 Bxf6 22. gxf6 Rg6 23. Bd4 Qxd5 24. Qe7+ Kg8 25. Qxd7 Qe4 26. Rge1 Qxc2+ 27. Ka2 Qc6 28. Qf5 Qb5 29. Qxb5 axb5 30. Re7 Bf3 31. Rde1 Ra8+ 32. Kb1 h5 33. R1e3 Bg4 34. Kc2 Bf5+ 35. Kd2 Be6 36. Rg3 Kh7 37. Ke3 Rc8 38. Rxg6 Kxg6 39. Kf4 Rc2 40. f3 Rxh2 41. Rb7 Rh4+ 42. Ke3 Rh3 43. Rxb5 Bg4 44. Rxb4 Bxf3 45. Rb6 Bd5+ 46. Kd2 Rxb3 47. Rxd6 1/2-1/2

[Event "Regionalliga SW 0910"]
[Site "Bayern"]
[Date "2009.12.13"]
[Round "4.4"]
[White "Waltenberger, Udo"]
[Black "Wittke, Volker"]
[Result "1/2-1/2"]
[WhiteElo "2018"]
[BlackElo "2069"]
[PlyCount "89"]
[EventDate "2009.10.18"]
[EventType "team-tourn"]
[EventRounds "9"]
[EventCountry "GER"]
[SourceTitle "EXT 2011"]
[Source "ChessBase"]
[SourceDate "2010.11.26"]
[SourceVersion "1"]
[SourceVersionDate "2010.11.26"]
[SourceQuality "1"]
[WhiteTeam "Muenchen Schwabing"]
[BlackTeam "Garching II"]
[WhiteTeamCountry "GER"]
[BlackTeamCountry "GER"]

1. d4 Nf6 2. g3 c5 3. d5 d6 4. c4 b5 5. Nf3 bxc4 6. Nc3 g6 7. Bg2 Bg7 8. Nd2 Nbd7 9. Nxc4 Nb6 10. Ne3 0-0 11. 0-0 Rb8 12. Qc2 Na8 13. b3 Nc7 14. Bb2 Na6 15. Rad1 Nb4 16. Qb1 Bd7 17. Rfe1 a5 18. Nc4 Ne8 19. e4 a4 20. e5 Bf5 21. Be4 Bxe4 22. Qxe4 axb3 23. axb3 Na6 24. exd6 exd6 25. Na4 Rxb3 26. Bxg7 Nxg7 27. Qe7 Nf5 28. Qxd8 Rxd8 29. Rb1 Rxb1 30. Rxb1 Nb4 31. Nab6 Nd4 32. Ra1 Ne2+ 33. Kf1 Nc3 34. Ne3 Rb8 35. Ra3 Rxb6 36. Rxc3 Kg7 37. Ra3 Rb7 38. Nc4 Rd7 39. Nb6 Rb7 40. Nc4 Rd7 41. Nb6 Re7 42. Nc8 Re5 43. Nxd6 Nxd5 44. Ra5 Re6 45. Nb7 1/2-1/2

[Event "Regionalliga SW 0910"]
[Site "Bayern"]
[Date "2009.10.18"]
[Round "1.5"]
[White "Wittke, Volker"]
[Black "Lenz, Thomas"]
[Result "1-0"]
[WhiteElo "2069"]
[BlackElo "2172"]
[PlyCount "79"]
[EventDate "2009.10.18"]
[EventType "team-tourn"]
[EventRounds "9"]
[EventCountry "GER"]
[SourceTitle "EXT 2011"]
[Source "ChessBase"]
[SourceDate "2010.11.26"]
[SourceVersion "1"]
[SourceVersionDate "2010.11.26"]
[SourceQuality "1"]
[WhiteTeam "Garching II"]
[BlackTeam "Unterhaching"]
[WhiteTeamCountry "GER"]
[BlackTeamCountry "GER"]

1. e4 c5 2. c3 d5 3. exd5 Qxd5 4. d4 Nf6 5. Nf3 e6 6. Be3 Ng4 7. Nbd2 cxd4 8. Bxd4 Nc6 9. Bc4 Qd8 10. 0-0 Nxd4 11. Nxd4 Ne5 12. Bb5+ Bd7 13. Qe2 Nc6 14. N2f3 Be7 15. Rad1 Qc7 16. Rfe1 0-0 17. Bd3 Rad8 18. Qe4 g6 19. h4 Bf6 20. h5 Nxd4 21. Nxd4 e5 22. Qf3 Bg7 23. Qg3 Ba4 24. b3 Bd7 25. hxg6 hxg6 26. Bc4 Bg4 27. Nb5 Qxc4 28. Rxd8 Qe6 29. Rxf8+ Kxf8 30. Qe3 a6 31. Qc5+ Kg8 32. Nc7 Qf6 33. Ne8 Qg5 34. Qd5 Be6 35. Qxb7 Qd2 36. Rf1 Bh6 37. Qb8 e4 38. Nf6+ Kg7 39. Nxe4 Qd5 40. Ng3 1-0

[Event "Landesliga Sued 0607"]
[Site "Bayern"]
[Date "2007.04.01"]
[Round "8.7"]
[White "Wittke, Volker"]
[Black "Schoenau, Helmut"]
[Result "1/2-1/2"]
[WhiteElo "2076"]
[BlackElo "2054"]
[PlyCount "205"]
[EventDate "2006.10.15"]
[EventType "team-tourn"]
[EventRounds "9"]
[EventCountry "GER"]
[SourceTitle "EXT 2008"]
[Source "ChessBase"]
[SourceDate "2007.11.25"]
[SourceVersion "1"]
[SourceVersionDate "2007.11.25"]
[SourceQuality "1"]
[WhiteTeam "Garching"]
[BlackTeam "Kriegshaber"]
[WhiteTeamCountry "GER"]
[BlackTeamCountry "GER"]

1. e4 c6 2. d4 d5 3. e5 Bf5 4. Nc3 Qb6 5. Bd3 Bxd3 6. Qxd3 e6 7. Nge2 c5 8. dxc5 Qxc5 9. Be3 Qa5 10. 0-0 a6 11. a3 Nd7 12. f4 Ne7 13. Nd4 Nc6 14. Kh1 g6 15. g4 Nxd4 16. Bxd4 Qc7 17. b4 Bg7 18. Rac1 h5 19. g5 0-0 20. Qe3 Qc4 21. Nb1 a5 22. Nd2 Qb5 23. Rb1 axb4 24. Rxb4 Qc6 25. Qb3 Rfb8 26. Rb1 b6 27. Kg1 Bf8 28. c3 Bxb4 29. axb4 Qa4 30. Qb2 Qa2 31. Qc1 Rc8 32. Rb2 Qa1 33. Rb1 Qa3 34. Qc2 Qa4 35. Qd3 Rc7 36. Rf1 Qc6 37. Nf3 Qc4 38. Qb1 Rca7 39. Nh4 Qxf1+ 40. Qxf1 Ra1 41. Nf3 Rxf1+ 42. Kxf1 Ra2 43. Ng1 Kf8 44. Ne2 Ke8 45. Kf2 Kd8 46. Ke3 Kc7 47. Kd3 Kc6 48. Be3 Kb7 49. Bd2 Ra1 50. Bc1 Nb8 51. Kc2 Nc6 52. Kb2 Ra8 53. Be3 Ka6 54. Kb3 Kb5 55. Bc1 Ra7 56. Bb2 Ra8 57. Bc1 Ra1 58. Kb2 Rxc1 59. Kxc1 Kc4 60. Kd2 d4 61. b5 dxc3+ 62. Nxc3 Nd4 63. Ne4 Kxb5 64. Nd6+ Ka4 65. Nxf7 b5 66. Nd6 Nf3+ 67. Kc2 Nxh2 68. f5 gxf5 69. g6 Ng4 70. Nf7 Ne3+ 71. Kb2 Nd5 72. Ng5 Ne7 73. g7 h4 74. Nxe6 h3 75. Nc5+ Kb4 76. Nd3+ Kc4 77. Nf2 h2 78. Nh1 Kd4 79. Kb3 Kxe5 80. Kb4 Kf6 81. Kxb5 Kxg7 82. Kc4 Kf6 83. Kd3 Kg5 84. Ke2 Kg4 85. Kf2 Kh3 86. Kf3 Kh4 87. Kg2 Kg4 88. Kxh2 Kf3 89. Kg1 Nd5 90. Nf2 Nf4 91. Kf1 Ke3 92. Nd1+ Kd2 93. Nf2 Ne2 94. Nh3 Ke3 95. Ke1 Nd4 96. Nf2 Ne2 97. Kf1 Nc1 98. Nh3 Nd3 99. Ng1 Nf2 100. Ke1 f4 101. Ne2 f3 102. Ng1 Nd3+ 103. Kf1 1/2-1/2

[Event "Regionalliga SW 0203"]
[Site "Bayern"]
[Date "2003.03.30"]
[Round "9.6"]
[White "Juettner, Andreas"]
[Black "Wittke, Volker"]
[Result "1-0"]
[WhiteElo "1986"]
[BlackElo "2068"]
[PlyCount "59"]
[EventDate "2002.10.20"]
[EventType "team"]
[EventRounds "9"]
[EventCountry "GER"]
[SourceTitle "EXT 2004"]
[Source "ChessBase"]
[SourceDate "2003.11.25"]
[SourceVersion "1"]
[SourceVersionDate "2003.11.25"]
[SourceQuality "1"]
[WhiteTeam "Muenchen 36"]
[BlackTeam "Garching"]
[WhiteTeamCountry "GER"]
[BlackTeamCountry "GER"]

1. d4 Nf6 2. Nf3 c5 3. d5 e6 4. Nc3 exd5 5. Nxd5 Nxd5 6. Qxd5 h6 7. e4 Nc6 8. Bc4 Qe7 9. 0-0 d6 10. Bb5 Bd7 11. Re1 0-0-0 12. Bf4 Be6 13. Qd2 Qc7 14. c3 g5 15. Bg3 Ne5 16. Be2 f6 17. b4 Nxf3+ 18. Bxf3 c4 19. Qd4 Bg7 20. Qxa7 h5 21. h4 g4 22. Be2 Qc6 23. Rad1 Bf8 24. Rd4 Be7 25. Bd1 Kc7 26. Qa5+ Kb8 27. Ba4 Qa6 28. Bb5 Qxa5 29. bxa5 Ka7 30. Red1 1-0

[Event "Regionalliga SW 0203"]
[Site "Bayern"]
[Date "2003.01.12"]
[Round "4.7"]
[White "Lux, Werner"]
[Black "Wittke, Volker"]
[Result "0-1"]
[WhiteElo "1954"]
[BlackElo "2068"]
[PlyCount "58"]
[EventDate "2002.10.20"]
[EventType "team"]
[EventRounds "9"]
[EventCountry "GER"]
[SourceTitle "EXT 2004"]
[Source "ChessBase"]
[SourceDate "2003.11.25"]
[SourceVersion "1"]
[SourceVersionDate "2003.11.25"]
[SourceQuality "1"]
[WhiteTeam "Tuerkheim"]
[BlackTeam "Garching"]
[WhiteTeamCountry "GER"]
[BlackTeamCountry "GER"]

1. e4 c5 2. Nf3 Nc6 3. d3 g6 4. g3 Bg7 5. Bg2 e6 6. 0-0 Nge7 7. Re1 b5 8. Nbd2 Rb8 9. Nf1 b4 10. Bf4 d6 11. Qc1 h6 12. h4 a5 13. N1h2 e5 14. Be3 a4 15. Nd2 0-0 16. Nc4 Kh7 17. a3 b3 18. cxb3 axb3 19. Bf3 Nd4 20. Bd1 Be6 21. Nf3 Nec6 22. Nxd4 cxd4 23. Bd2 d5 24. exd5 Qxd5 25. Kh2 f5 26. Be2 f4 27. gxf4 exf4 28. Bxf4 Qf5 29. Bxb8 Qxf2+ 0-1